000
00292nam a2200133Ia 4500
100
_a
Schalkoff/Robert J
942
_c
BK
654
_a
artificial
245
_a
Artificial intelligence
260
_b
Mc Graw Hill
_a
New Delhi
_c
1990
082
_a
6.3
_b
SCH
300
_a
646
546
_a
ENGLISH
999
_c
27641
_d
27641